|
|
|
|
| LEADER |
00849cam a2200265 7i4500 |
| 001 |
0000057054 |
| 005 |
20151104090000.0 |
| 005 |
##20151104175100.0 |
| 002 |
##000005122 |
| 003 |
##MY-KlINT |
| 008 |
151104 00010 eng |
| 039 |
# |
9 |
|y 201511041751
|z VLOAD
|
| 090 |
0 |
0 |
|a 923.5595 AZI
|
| 100 |
1 |
# |
|a AZIZ Zariza Ahmad.
|
| 245 |
0 |
0 |
|a Sebutir permata di menara :
|b Prof. Di Raja Ungku Aziz /
|c Aziz Zariza Ahmad..
|
| 260 |
# |
# |
|a Petaling Jaya:
|b International Book,
|c 1982.
|
| 300 |
# |
# |
|a 245p; 21cm.
|
| 650 |
# |
0 |
|a Biography
|
| 996 |
|
|
|a ikwas2000.out
|
| 997 |
|
|
|a 3000050751
|b IKWS
|c MNF
|d BOK
|
| 997 |
|
|
|a 3000050694
|b IKWS
|c MNF
|d BOK
|
| 997 |
|
|
|a 3000122808
|b IKWS
|c MF
|d BOK
|
| 998 |
|
|
|a 0000003989
|
| 999 |
|
|
|a 3000050751
|b BOOK
|c Main Non-Fiction
|e INTAN Kampus Wilayah Selatan
|
| 999 |
|
|
|a 3000122808
|b BOOK
|c Main Fiction
|e INTAN Kampus Wilayah Selatan
|